Vista normal
Vista MARC
Entrada Genre/Form Term
Número de registros utilizados en: 1
001 - CONTROL NUMBER
- control field: 4034
003 - CONTROL NUMBER IDENTIFIER
- control field: OSt
005 - DATE AND TIME OF LATEST TRANSACTION
- control field: 20240801133916.0
008 - FIXED-LENGTH DATA ELEMENTS
- fixed length control field: 240801|| aca||aabn | a|a d
040 ## - CATALOGING SOURCE
- Original cataloging agency: OSt
- Transcribing agency: OSt
155 ## - HEADING--GENRE/FORM TERM
- Genre/form term: Sociologia
670 ## - SOURCE DATA FOUND
- Source citation: Work cat.: (OSt)2875: Kusnetzoff, Juan Carlos 4033, El gran dilema del sexo., 2002.